Loading...
| Current Events | 1 | 30.00 | 100% | 100% | 100% |
| Fine Arts - Auditory Fine Arts | 3 | 6.67 | 67% | 0% | 0% |
| Fine Arts - Other Fine Arts | 4 | 17.50 | 100% | 75% | 0% |
| Fine Arts - Visual Fine Arts | 6 | 16.67 | 83% | 67% | 17% |
| History - American History | 4 | 10.00 | 100% | 0% | 0% |
| History - European History | 3 | 16.67 | 100% | 67% | 0% |
| History - Other History | 4 | 15.00 | 100% | 25% | 25% |
| History - World History | 3 | 23.33 | 100% | 100% | 33% |
| Literature - American Literature | 5 | 14.00 | 100% | 40% | 0% |
| Literature - British Literature | 5 | 20.00 | 100% | 80% | 20% |
| Literature - European Literature | 5 | 16.00 | 100% | 60% | 0% |
| Literature - World Literature | 7 | 20.00 | 100% | 86% | 14% |
| Mythology | 2 | 15.00 | 100% | 50% | 0% |
| Other Academic | 1 | 20.00 | 100% | 100% | 0% |
| Philosophy | 4 | 20.00 | 100% | 100% | 0% |
| Pop Culture | 1 | 10.00 | 100% | 0% | 0% |
| Religion | 2 | 10.00 | 100% | 0% | 0% |
| Science - Biology | 2 | 15.00 | 100% | 50% | 0% |
| Science - Chemistry | 5 | 2.00 | 20% | 0% | 0% |
| Science - Other Science | 2 | 15.00 | 100% | 50% | 0% |
| Science - Physics | 5 | 10.00 | 100% | 0% | 0% |
| Social Science | 7 | 15.71 | 71% | 57% | 29% |